Statistics for All Pokémon Regions (Map)

Click here to take the quiz!

General Stats

  • This quiz has been taken 37 times
  • The average score is 8 of 9

Answer Stats

Answer% Correct
Kanto
100%
Hisui/Sinnoh
97%
Johto
97%
Galar
94%
Hoenn
94%
Alola
91%
Kalos
88%
Unova
88%
Paldea
82%

Score Distribution

Percentile by Number Answered

Percent of People with Each Score

Your Score History

You have not taken this quiz